000 00624nam a22002177a 4500
003 UA-OsUOA
001 116254
007 ta
008 20160225b un ||||| |||| 00| 0 ukr d
100 _aКваша Д.
090 _a82
_bК32
942 _cSA
040 _aUA-OsUOA
_bukr
_cUA-OsUOA
_dUA-OsUOA
245 _aПоетичний зорепад Андрія Малишка
300 _aС.74-79
955 _a0
041 _aukr
080 _a82
773 0 _w116250
_tУкраїнська мова та література
_dК.
_d2016
_g4
650 7 _a82 Література. Літературознавство
_2UDC
999 _c402069
_d402069